000 00331nam a22001337a 4500
008 260401b ||||| |||| 00| 0 eng d
020 _a003-800070999568
041 _aeng
080 _a8210.1
100 _a25
101 _aconferece
245 _aRegional Science Conference with International Participation
942 _2udc
_cBK
999 _c60959
_d60959